[Event "23rd Hoogeveen Open 2019"]
[Site "Hoogeveen"]
[Date "2019.10.21"]
[Round "3.7"]
[White "Bhambure, Shantanu"]
[Black "Werle, Jan"]
[Result "0-1"]
[WhiteElo "2291"]
[BlackElo "2544"]
[Annotator "TA"]
[PlyCount "84"]
[EventDate "2019.10.19"]
[EventType "swiss"]
[EventCountry "NED"]
[SourceTitle "playchess.com"]
[Source "ChessBase"]
[SourceQuality "1"]

{[%evp 25,84,-15,-14,-13,0,0,0,0,0,0,0,0,20,0,0,0,41,0,35,34,27,-66,-56,-70,21,0,0,10,41,0,0,0,32,12,22,0,0,-121,-132,-118,-117,-128,-105,-160,-167,-253,-260,-233,-307,-295,-297,-510,-537,-571,-617,-527,-497,-29988,-29989,-29998,-29999]} 1. d4 Nf6 2. c4 e6 3. Nf3 d5 4. Nc3 Bb4 5. cxd5 exd5 6. Qa4+ Nc6 7. Bg5 h6 8. Bxf6 Qxf6 9. e3 O-O 10. Be2 Be6 11. O-O a6 12. Rfc1 Bd6 13. Qd1 Ne7 14. Na4 {D38: Queen's Gambit Declined: Ragozin Defence (4 Nf3 Bb4)} b6 15. b4 a5 16. b5 {The position is equal.} g5 17. Nb2 Ng6 18. Nd3 Rae8 {[#]} 19. Rc3 $146 ({Predecessor:} 19. Nfe1 h5 20. Bxh5 Kg7 21. h3 Rh8 {0-1 (66) Yu,Y (2761)-Ganguly,S (2633) Astana 2019}) 19... Qg7 20. Rac1 f6 21. a4 h5 22. Nd2 g4 23. e4 (23. g3 $11) 23... Rf7 24. g3 f5 ({Better is} 24... Qh6 $15) 25. e5 $11 Bb4 $1 26. Nxb4 axb4 27. Rc6 f4 28. Bd3 fxg3 29. fxg3 Nf8 {[%cal Bg6f8,Bf8e6,Be6g5,Bg5f3][%mdl 32]} 30. Qe2 Bd7 31. R6c2 {[#]} (31. Rxc7 $11 Ne6 {[%mdl 64] Double Attack} 32. Qe3 Nxc7 33. Rxc7) 31... Qh6 $1 $17 32. Rf1 {[#]} Ree7 $1 33. Rcc1 Ne6 34. Nb3 (34. Bb1 $142) 34... Ng5 35. Rxf7 (35. Kh1 {was called for.}) 35... Rxf7 $19 36. Rf1 Nf3+ 37. Kh1 Be6 38. Bc2 $2 (38. Qg2 h4 39. gxh4) 38... h4 39. gxh4 Qxh4 {( -> ...Nxh2!)} 40. Qf2 Qh6 {Threatens to win with ...Nxh2.} 41. Qg2 {[#]} (41. Bd3 $19 Nxe5 42. Qg3 Nxd3 43. Rxf7 Kxf7 44. Qxd3) 41... Nxh2 $1 {[%mdl 512]} 42. Rxf7 (42. Qxh2 Rxf1+) 42... Nf3+ {Accuracy: White = 38%, Black = 63%.} 0-1

[Event "23rd Hoogeveen Open 2019"]
[Site "Hoogeveen"]
[Date "2019.10.21"]
[Round "3.8"]
[White "Ernst, Sipke"]
[Black "Moksh Amit Doshi"]
[Result "1-0"]
[WhiteElo "2523"]
[BlackElo "2328"]
[Annotator "TA"]
[PlyCount "79"]
[EventDate "2019.10.19"]
[EventType "swiss"]
[EventCountry "NED"]
[SourceTitle "playchess.com"]
[Source "ChessBase"]
[SourceQuality "1"]

{[%evp 11,79,0,0,0,9,0,0,2,8,13,9,9,12,8,2,21,12,25,29,27,28,4,8,0,13,0,0,-8,12,18,48,42,48,43,40,28,39,22,57,63,168,140,137,152,150,0,0,0,179,184,432,433,421,425,385,364,472,458,519,491,686,641,605,495,1875,1885,1622,1489,29994,29995]} 1. d4 Nf6 2. c4 e6 3. Nc3 Bb4 4. e3 O-O 5. Nge2 Re8 6. a3 Bf8 7. Nf4 {E46: Nimzo-Indian: Rubinstein: 4 e3 0-0 5 Ne2 without early Bd3} d6 8. Bd3 e5 9. Nfe2 {The position is equal.} d5 10. cxd5 exd4 11. Nxd4 Nxd5 12. Bxh7+ {[%mdl 64] Decoy} Kxh7 13. Qh5+ {[%mdl 64] Double Attack} Kg8 14. Qxd5 {[#]} c5 $146 ({Predecessor:} 14... c6 15. Qxd8 Rxd8 {0-1 (47) Tran,T (2514)-Melkumyan,H (2669) Bangkog 2018}) 15. Qxd8 Rxd8 16. Nf3 Nc6 17. e4 Be6 18. Be3 Bc4 19. Nd2 Ba6 20. f4 Rd3 21. Kf2 $1 Nd4 22. Rac1 Rd8 23. Nf3 Nxf3 24. gxf3 Be7 {aiming for ...Bh4+.} 25. h4 $1 Bf6 (25... b6 $14) 26. e5 $18 Be7 27. f5 b6 28. Ne4 ({Only move:} 28. Rcg1 $1 $16) 28... Rb3 $11 29. Bg5 $36 {[%mdl 2048] White has good play.} Rxb2+ $2 (29... Rdd3 $11 {and Black stays safe.} 30. Bxe7 Rxf3+ 31. Kg1 Bb7) 30. Kg3 $18 Re8 $2 (30... Kf8) 31. Bxe7 $1 Rxe7 32. Rcd1 {Threatening mate with Rd8+.} Re8 33. Kf4 Rb3 34. Rd7 Be2 {[#]} 35. Rh3 $1 Rxa3 36. Rg3 Kf8 {intending ...Re7.} 37. f6 g6 {[#]} (37... gxf6 $142 38. Nxf6 Rxf3+ 39. Rxf3 Bxf3 40. Nxe8 (40. Kxf3 Rxe5 41. Kf4 Re7 $16) 40... Kxe8 41. Rxa7 Bd5) 38. Nd6 $1 {[%mdl 512]} Ra4+ {[#]} 39. Ke3 $1 {[%mdl 512]} Rxe5+ 40. Kf2 {Accuracy: White = 84%, Black = 26%.} 1-0

[Event "23rd Hoogeveen Open 2019"]
[Site "Hoogeveen"]
[Date "2019.10.21"]
[Round "3.9"]
[White "De Jong, Migchiel"]
[Black "Vrolijk, Liam"]
[Result "0-1"]
[WhiteElo "2330"]
[BlackElo "2478"]
[Annotator "RC"]
[PlyCount "66"]
[EventDate "2019.10.19"]
[EventType "swiss"]
[EventCountry "NED"]
[SourceTitle "playchess.com"]
[Source "ChessBase"]
[SourceQuality "1"]
[TimeControl "40/5400+30:1800+30"]

1. Nf3 {[%emt 0:00:00]} d5 {[%emt 0:00:04]} 2. d4 {[%emt 0:00:29]} Nf6 {[%emt 0:00:23]} 3. c4 {[%emt 0:00:08]} e6 {[%emt 0:00:19]} 4. g3 {[%emt 0:00:36]} Be7 {[%emt 0:03:14]} 5. Bg2 {[%emt 0:00:41]} O-O {[%emt 0:00:07]} 6. O-O {[%emt 0:01:52]} dxc4 {[%emt 0:00:07]} 7. Qc2 {[%emt 0:00:18]} b5 {[%emt 0:00:42]} 8. a4 {[%emt 0:03:12]} b4 {[%emt 0:01:33]} 9. Nfd2 {[%emt 0:08:33]} Nd5 {[%emt 0:00:44]} 10. Nxc4 {[%emt 0:00:46]} c5 {[%emt 0:00:57]} 11. dxc5 {[%emt 0:01:55]} Ba6 {[%emt 0:00:44]} 12. Nbd2 {[%emt 0:02:10]} Nd7 {[%emt 0:13:20]} 13. e4 {[%emt 0:01:58]} N5f6 {[%emt 0:01:55]} 14. c6 {[%emt 0:02:59]} Nc5 {[%emt 0:01:06]} 15. e5 {[%emt 0:01:42]} Nd5 {[%emt 0:01:22]} 16. b3 {[%emt 0:03:03]} Rc8 {[%emt 0:03:05]} 17. Bb2 {[%emt 0:01:04]} Rxc6 {[%emt 0:00:19]} 18. Rac1 {[%emt 0:02:20]} Qc7 {[%emt 0:08:36]} 19. Rfd1 {[%emt 0:00:34]} Rc8 {[%emt 0:06:01]} 20. Bf1 {[%emt 0:00:20]} Bg5 {[%emt 0:15:33]} 21. Nd6 {[%emt 0:09:04]} Bxf1 {[%emt 0:11:38]} 22. Kxf1 {[%emt 0:09:26]} Bxd2 {[%emt 0:02:27]} 23. Rxd2 {[%emt 0:00:46]} Nxb3 {[%emt 0:01:00]} 24. Qxb3 {[%emt 0:03:19]} Rxc1+ {[%emt 0:00:11]} 25. Kg2 {[%emt 0:02:28]} Rc2 {[%emt 0:00:38]} 26. Rd3 {[%emt 0:05:42]} Rf8 {[%emt 0:01:36]} 27. Bd4 {[%emt 0:00:35]} Rc1 {[%emt 0:02:10]} 28. Rf3 {[%emt 0:01:17]} Qc2 {[%emt 0:04:28]} 29. Qxc2 {[%emt 0:05:36]} Rxc2 {[%emt 0:00:08]} 30. Bxa7 {[%emt 0:00:03]} Rc3 {[%emt 0:02:13]} 31. Nb5 {[%emt 0:06:27]} Rxf3 {[%emt 0:01:13]} 32. Kxf3 {[%emt 0:00:05]} b3 {[%emt 0:00:29]} 33. a5 {[%emt 0:01:35]} Ra8 {[%emt 0:00:53]} 0-1

[Event "23rd Hoogeveen Open 2019"]
[Site "Hoogeveen"]
[Date "2019.10.21"]
[Round "3.10"]
[White "Romanishin, Oleg M"]
[Black "Gomes, Mary Ann"]
[Result "0-1"]
[WhiteElo "2441"]
[BlackElo "2268"]
[Annotator "RC"]
[PlyCount "82"]
[EventDate "2019.10.19"]
[EventType "swiss"]
[EventCountry "NED"]
[SourceTitle "playchess.com"]
[Source "ChessBase"]
[SourceQuality "1"]
[TimeControl "40/5400+30:1800+30"]

1. d4 {[%emt 0:00:00]} Nf6 {[%emt 0:00:00]} 2. Nf3 {[%emt 0:00:00]} g6 {[%emt 0:00:53]} 3. g3 {[%emt 0:00:00]} Bg7 {[%emt 0:00:05]} 4. Bg2 {[%emt 0:00:00]} O-O {[%emt 0:00:15]} 5. c4 {[%emt 0:03:23]} d6 {[%emt 0:00:12]} 6. O-O {[%emt 0:00:07]} Nc6 {[%emt 0:00:24]} 7. Nc3 {[%emt 0:00:07]} Bf5 {[%emt 0:00:06]} 8. Bd2 {[%emt 0:04:58]} Ne4 {[%emt 0:00:36]} 9. Be1 {[%emt 0:00:27]} Nxc3 {[%emt 0:00:36]} 10. Bxc3 {[%emt 0:00:08]} Be4 {[%emt 0:00:04]} 11. Qd2 {[%emt 0:15:31]} d5 {[%emt 0:08:08]} 12. Rad1 {[%emt 0:13:47]} e6 {[%emt 0:02:54]} 13. b3 {[%emt 0:03:20]} a5 {[%emt 0:04:16]} 14. c5 {[%emt 0:11:59]} b6 {[%emt 0:08:32]} 15. cxb6 {[%emt 0:09:59]} cxb6 {[%emt 0:00:06]} 16. Ne5 {[%emt 0:00:28]} Bxe5 {[%emt 0:04:35]} 17. dxe5 {[%emt 0:04:38]} Bxg2 {[%emt 0:00:06]} 18. Kxg2 {[%emt 0:00:07]} Qe7 {[%emt 0:00:48]} 19. Rc1 {[%emt 0:04:08]} Rfc8 {[%emt 0:00:16]} 20. Bd4 {[%emt 0:08:28]} Qb4 {[%emt 0:19:21]} 21. Bc3 {[%emt 0:06:35]} Qb5 {[%emt 0:03:46]} 22. e3 {[%emt 0:00:20]} a4 {[%emt 0:01:45]} 23. Rb1 {[%emt 0:04:37]} axb3 {[%emt 0:00:25]} 24. Rxb3 {[%emt 0:00:09]} Qc4 {[%emt 0:01:39]} 25. Ba1 {[%emt 0:06:23]} Qe4+ {[%emt 0:09:13]} 26. f3 {[%emt 0:00:10]} Qa4 {[%emt 0:00:04]} 27. Rf2 {[%emt 0:01:01]} Na5 {[%emt 0:02:17]} 28. Rb4 {[%emt 0:00:16]} Qa3 {[%emt 0:00:16]} 29. Bd4 {[%emt 0:02:09]} Nc4 {[%emt 0:00:45]} 30. Qe1 {[%emt 0:00:09]} Ra6 {[%emt 0:02:50]} 31. Rb3 {[%emt 0:00:20]} Qe7 {[%emt 0:00:12]} 32. e4 {[%emt 0:01:21]} Qb7 {[%emt 0:02:57]} 33. Rb4 {[%emt 0:00:39]} Na3 {[%emt 0:02:08]} 34. Rbb2 {[%emt 0:00:40]} b5 {[%emt 0:05:52]} 35. exd5 {[%emt 0:00:20]} Qxd5 {[%emt 0:00:06]} 36. Qe4 {[%emt 0:00:37]} Qxe4 {[%emt 0:01:46]} 37. fxe4 {[%emt 0:00:02]} Ra4 {[%emt 0:00:36]} 38. Rbd2 {[%emt 0:00:25]} Nc4 {[%emt 0:00:40]} 39. Rd3 {[%emt 0:00:50]} Rd8 {[%emt 0:02:08]} 40. Rff3 {[%emt 0:00:29]} Rxa2+ {[%emt 0:00:14]} 41. Kh3 {[%emt 0:30:07]} Rd2 {[%emt 0:30:52]} 0-1

[Event "23rd Hoogeveen Open 2019"]
[Site "Hoogeveen"]
[Date "2019.10.21"]
[Round "3.11"]
[White "Adocchio, Giampiero"]
[Black "Harutjunyan, Gevorg"]
[Result "0-1"]
[WhiteElo "2184"]
[BlackElo "2428"]
[Annotator "TA"]
[PlyCount "66"]
[EventDate "2019.10.19"]
[EventType "swiss"]
[EventCountry "NED"]
[SourceTitle "playchess.com"]
[Source "ChessBase"]
[SourceQuality "1"]

{[%evp 9,66,23,21,19,33,27,22,0,0,0,0,0,0,-4,0,0,30,-30,-32,-20,-31,-37,64,-25,-39,-50,-41,-54,-64,-35,0,0,34,25,19,13,15,25,18,31,139,-132,-133,-132,-127,-144,0,-174,-179,-265,-266,-297,-289,-551,-536,-29995,-277,-29996,-29997]} 1. d4 d5 2. Nf3 Nc6 3. g3 Bg4 4. Bg2 Qd7 5. O-O O-O-O 6. c4 {D02: 1 d4 d5 2 Nf3 sidelines, including 2...Nf6 3 g3 and 2...Nf6 3 Bf4} dxc4 7. Nbd2 f6 8. Qa4 {The position is equal.} Kb8 9. Qxc4 Nxd4 10. Nxd4 $146 ({Predecessor:} 10. Nb3 Bxf3 11. exf3 e5 12. Be3 b5 13. Qd3 Nxf3+ 14. Bxf3 Qxd3 {0-1 (23) Vastrukhin,O (2401)-Andriasian,Z (2611) Kazan 2014}) 10... Qxd4 11. Qb5 {[%csl Gg2][%cal Rb5b7]} Qb6 12. Qc4 Bc8 13. Nb3 (13. Ne4 $142) 13... e5 $11 14. Be3 Qb4 $1 {[%cal Rb4c4]} 15. Qc2 Bd6 ({Black should try} 15... Nh6 $15) 16. Rac1 (16. Nc5 $1 $14) 16... Ne7 17. Bc5 Bxc5 18. Nxc5 {Black must now prevent Na6+!} c6 19. a3 Qb6 (19... Qd2 {is interesting.} 20. Qc4 f5 21. Qb3 Ka8 22. e4 Qd6) 20. b4 h5 21. a4 h4 (21... Qxb4 $6 22. Na6+ $1 {[%mdl 512]} bxa6 23. Rb1 $18) 22. b5 cxb5 23. axb5 hxg3 (23... Qxb5 $2 24. Rb1 $18) 24. hxg3 {Hoping for Na4.} Nf5 (24... Qxb5 $2 25. Rb1 $18) (24... Bf5 $14 25. Qc3 Nd5) 25. Na6+ $2 {[%mdl 8192]} (25. e3 $1 $16) 25... bxa6 $17 26. bxa6 {And now Rb1! would win.} Nd4 $1 {[%cal Rd4c2]} 27. Qe4 {[%csl Gg2][%cal Re4a8] [#]} Rd5 {[#]} (27... Nxe2+ $1 $17 28. Qxe2 Bxa6) 28. Rb1 $2 (28. Rxc8+ $1 $11 {[%mdl 512] and White has nothing to worry.} Kxc8 29. Rc1+ Rc5 30. Rxc5+ Qxc5 31. Qa8+ Kc7 32. Qxh8 Nxe2+ 33. Kf1 Qc1+ 34. Kxe2 Qc2+ 35. Ke1 Qb1+ 36. Kd2 Qb2+ 37. Ke1 Qb1+ 38. Ke2 Qc2+ 39. Kf3 Qd1+ 40. Ke4 (40. Ke3 Qb3+ 41. Ke4 Qc2+ {[%mdl 64] Double Attack} 42. Kf3 Qd1+ 43. Ke4 Qc2+ 44. Kf3 $11) 40... Qc2+ 41. Kf3 Qd1+ 42. Ke4 (42. Ke3 Qb3+ 43. Ke4 Qc2+ 44. Kf3 $11) 42... Qc2+ 43. Kf3) 28... Rb5 $19 {...Nxe2+! is the strong threat.} ({Worse is} 28... Bxa6 29. Rfe1 $16 (29. Rxb6+ axb6 30. Re1 Rhd8 $16)) 29. Rxb5 (29. Rbc1 $142 Rc5 30. Rb1) 29... Qxb5 ({Weaker is} 29... Nxb5 30. Qa8+ Kc7 31. Rc1+ Kd7 {[#]} 32. Rxc8 $1 $16 {[%mdl 512]}) 30. Qa8+ {[#]} Kc7 $1 {[%cal Rd4e2]} 31. Rc1+ $2 {[#]} (31. Qxa7+ {only move.} Kd6 32. Rd1 Qxe2 33. Qb6+ Ke7 34. Qc5+ Kf7 35. Qd5+ Kg6 36. Qe4+ Qxe4 37. Bxe4+ Bf5 38. Bb7) 31... Kd6 $1 32. Rxc8 Nxe2+ 33. Kf1 Nxg3+ {[%mdl 64] Discovered Attack (Double check). Accuracy: White = 51%, Black = 61%.} 0-1

[Event "23rd Hoogeveen Open 2019"]
[Site "Hoogeveen"]
[Date "2019.10.21"]
[Round "3.12"]
[White "Zwirs, Nico"]
[Black "Hilwerda, Jonas"]
[Result "1-0"]
[WhiteElo "2421"]
[BlackElo "2229"]
[Annotator "RC"]
[PlyCount "61"]
[EventDate "2019.10.19"]
[EventType "swiss"]
[EventCountry "NED"]
[SourceTitle "playchess.com"]
[Source "ChessBase"]
[SourceQuality "1"]
[TimeControl "40/5400+30:1800+30"]

1. c4 {[%emt 0:00:00]} Nf6 {[%emt 0:00:00]} 2. Nc3 {[%emt 0:00:00]} g6 {[%emt 0:00:00]} 3. d4 {[%emt 0:00:19]} Bg7 {[%emt 0:00:00]} 4. e4 {[%emt 0:00:10]} d6 {[%emt 0:00:00]} 5. h3 {[%emt 0:00:08]} O-O {[%emt 0:00:26]} 6. Be3 {[%emt 0:00:11]} c5 {[%emt 0:00:17]} 7. Nf3 {[%emt 0:01:09]} cxd4 {[%emt 0:00:04]} 8. Nxd4 {[%emt 0:00:12]} b6 {[%emt 0:00:03]} 9. g3 {[%emt 0:01:50]} Bb7 {[%emt 0:01:07]} 10. Bg2 {[%emt 0:00:35]} a6 {[%emt 0:03:48]} 11. O-O {[%emt 0:05:03]} Qc7 {[%emt 0:02:45]} 12. Nd5 {[%emt 0:01:21]} Nxd5 {[%emt 0:03:24]} 13. cxd5 {[%emt 0:00:40]} Rc8 {[%emt 0:05:37]} 14. Rc1 {[%emt 0:10:32]} Qd8 {[%emt 0:01:22]} 15. Rxc8 {[%emt 0:00:09]} Qxc8 {[%emt 0:02:51]} 16. Qe2 {[%emt 0:05:34]} Nd7 {[%emt 0:04:05]} 17. Rc1 {[%emt 0:03:39]} Qd8 {[%emt 0:07:49]} 18. Nc6 {[%emt 0:02:51]} Qe8 {[%emt 0:02:55]} 19. b4 {[%emt 0:03:54]} Rc8 {[%emt 0:18:57]} 20. a4 {[%emt 0:10:46]} b5 {[%emt 0:02:25]} 21. axb5 {[%emt 0:03:08]} axb5 {[%emt 0:00:02]} 22. Qxb5 {[%emt 0:01:42]} Bxc6 {[%emt 0:00:57]} 23. dxc6 {[%emt 0:17:11]} Ne5 {[%emt 0:03:11]} 24. f4 {[%emt 0:11:34]} Nxc6 {[%emt 0:10:47]} 25. Qb7 {[%emt 0:01:06]} Bb2 {[%emt 0:01:28]} 26. Rc2 {[%emt 0:01:05]} Ba3 {[%emt 0:01:49]} 27. b5 {[%emt 0:01:50]} Na7 {[%emt 0:00:33]} 28. Rxc8 {[%emt 0:00:36]} Nxc8 {[%emt 0:00:15]} 29. Qa8 {[%emt 0:02:28]} Bc5 {[%emt 0:03:35]} 30. Bxc5 {[%emt 0:00:09]} dxc5 {[%emt 0:00:03]} 31. b6 {[%emt 0:00:21]} 1-0

[Event "23rd Hoogeveen Open 2019"]
[Site "Hoogeveen"]
[Date "2019.10.21"]
[Round "3.13"]
[White "Advait, Bagri"]
[Black "Kaasen, Tor Fredrik"]
[Result "0-1"]
[WhiteElo "2231"]
[BlackElo "2415"]
[Annotator "TA"]
[PlyCount "80"]
[EventDate "2019.10.19"]
[EventType "swiss"]
[EventCountry "NED"]
[SourceTitle "playchess.com"]
[Source "ChessBase"]
[SourceQuality "1"]

{[%evp 9,80,-1,5,5,16,23,23,15,21,16,17,28,17,18,25,32,36,37,29,25,30,39,42,37,62,71,88,45,54,50,49,52,49,29,70,45,50,28,8,-35,-35,-42,-42,-79,-77,-72,-51,-102,-66,-93,-107,-123,-108,-114,-79,-107,-104,-125,-91,-129,-78,-310,-117,-125,-113,-142,-46,-572,-587,-557,-562,-1582,-1533]} 1. e4 c5 2. Nf3 d6 3. d4 cxd4 4. Qxd4 Nf6 5. Bb5+ (5. Be2 Nc6 6. Qe3 g6 7. O-O Bg7 8. h3 O-O 9. c4 b6 10. Rd1 Nd7 11. Nc3 Bb7 12. b3 Nb4 {0-1 (37) Anand,V (2764)-Vachier Lagrave,M (2775) Paris 2019}) 5... Bd7 6. c4 {B53: Sicilian: 2...d6: Lines with Qxd4} Nc6 7. Qd3 g6 8. Nc3 {White has an edge.} Bg7 9. O-O O-O 10. h3 Rc8 $146 ({Predecessor:} 10... a6 11. Bxc6 Bxc6 12. Nd4 Rc8 {1-0 (53) Cyborowski,L (2522)-Bernasek,J (2517) Pardubice 2015}) 11. Be3 a6 12. Bxc6 Bxc6 13. Nd4 Nd7 14. Rac1 Ne5 15. Qe2 Bd7 16. b3 e6 17. Rfd1 Qe7 18. Rc2 f5 19. f4 Nf7 20. exf5 gxf5 21. Bf2 Rce8 22. Qh5 Qf6 23. Nf3 Bc6 24. Ng5 Nxg5 25. fxg5 Qe7 26. Bh4 Be5 27. Ne2 Qg7 28. Rf1 ({Better is} 28. Bf2 $15) 28... Rf7 29. Nf4 Bxf4 $1 30. Rxf4 e5 $1 {[%cal Re5f4]} 31. Rf1 f4 32. Rd2 {[#]} Re6 $1 33. Rfd1 Qf8 34. Qg4 Rg6 (34... Bd7 $142 35. Qe2 Bc6) 35. Bf2 $2 {[#]} (35. c5 $17) 35... h6 $2 (35... e4 $1 $19 36. Bd4 e3) 36. h4 $17 hxg5 37. h5 Rgf6 ({Black should try} 37... Bd7 $17 38. Qe2 f3 39. gxf3 Rgf6) 38. Qxg5+ $2 {[%mdl 8192]} (38. c5 $1 $15) 38... Rg7 $19 {Black is clearly winning.} 39. Qh4 {intending Bc5.} Bxg2 {Strongly threatening ...Rh6.} 40. Kh2 Rh6 {Accuracy: White = 36%, Black = 60%.} 0-1

[Event "23rd Hoogeveen Open 2019"]
[Site "Hoogeveen"]
[Date "2019.10.21"]
[Round "3.14"]
[White "Dixit, Nikhil"]
[Black "Slagboom, Leandro"]
[Result "1-0"]
[WhiteElo "2358"]
[BlackElo "1954"]
[Annotator "RC"]
[PlyCount "41"]
[EventDate "2019.10.19"]
[EventType "swiss"]
[EventCountry "NED"]
[SourceTitle "playchess.com"]
[Source "ChessBase"]
[SourceQuality "1"]
[TimeControl "40/5400+30:1800+30"]

1. e4 {[%emt 0:00:00]} c5 {[%emt 0:00:00]} 2. Nf3 {[%emt 0:00:00]} d6 {[%emt 0:00:00]} 3. Bb5+ {[%emt 0:01:45]} Nd7 {[%emt 0:00:00]} 4. O-O {[%emt 0:01:00]} Ngf6 {[%emt 0:01:08]} 5. Re1 {[%emt 0:00:41]} e6 {[%emt 0:02:01]} 6. c3 {[%emt 0:00:23]} a6 {[%emt 0:01:49]} 7. Bd3 {[%emt 0:01:57]} Be7 {[%emt 0:00:51]} 8. Bc2 {[%emt 0:00:12]} O-O {[%emt 0:01:34]} 9. d4 {[%emt 0:00:17]} b5 {[%emt 0:09:50]} 10. e5 {[%emt 0:09:04]} dxe5 {[%emt 0:02:58]} 11. dxe5 {[%emt 0:00:09]} Nd5 {[%emt 0:02:40]} 12. a4 {[%emt 0:03:51]} bxa4 {[%emt 0:07:34]} 13. Rxa4 {[%emt 0:06:14]} g6 {[%emt 0:06:52]} 14. Qd2 {[%emt 0:02:00]} Re8 {[%emt 0:10:15]} 15. Qh6 {[%emt 0:02:53]} Nf8 {[%emt 0:05:29]} 16. Nbd2 {[%emt 0:05:02]} Bb7 {[%emt 0:06:57]} 17. Ne4 {[%emt 0:02:58]} Nb6 {[%emt 0:01:09]} 18. Rd1 {[%emt 0:03:37]} Nxa4 {[%emt 0:07:04]} 19. Rxd8 {[%emt 0:01:15]} Rexd8 {[%emt 0:00:19]} 20. Nf6+ {[%emt 0:00:21]} Kh8 {[%emt 0:01:23]} 21. Ng5 {[%emt 0:00:29]} 1-0

[Event "23rd Hoogeveen Open 2019"]
[Site "Hoogeveen"]
[Date "2019.10.21"]
[Round "3.15"]
[White "Seul, Georg"]
[Black "Mueer, Sebastian"]
[Result "1-0"]
[WhiteElo "2411"]
[BlackElo "2194"]
[Annotator "TA"]
[PlyCount "103"]
[EventDate "2019.10.19"]
[EventType "swiss"]
[EventCountry "NED"]
[SourceTitle "playchess.com"]
[Source "ChessBase"]
[SourceQuality "1"]

{[%evp 13,103,0,0,-8,1,0,5,3,3,15,12,0,16,-4,13,22,27,-19,-14,-17,1,13,21,0,2,0,0,0,0,-28,0,0,0,0,-4,-6,-2,-25,0,-22,-30,-39,18,37,51,55,62,12,14,14,9,0,60,0,639,630,765,718,798,843,821,588,1310,1154,1561,1552,1533,1092,1243,1235,1222,1222,1172,1122,1019,841,824,831,822,809,1376,1245,1126,900,900,854,845,810,839,829,785,744]} 1. e4 c5 2. Nf3 d6 3. Bc4 Nc6 4. O-O Nf6 5. d3 g6 6. Nc3 Bg7 7. a3 O-O 8. h3 {B50: Sicilian: 2...d6, Miscellaneous} e6 9. Ba2 d5 10. Bg5 {The position is equal.} d4 11. Ne2 {Black must now prevent e5.} h6 12. Bd2 b5 $146 ({Predecessor:} 12... Kh7 13. b4 cxb4 14. axb4 a6 15. Bb3 b5 {½-½ (70) Hector,J (2585)-Sylvan,J (2261) Ballerup 2011}) 13. Ng3 Qe7 14. Nh2 e5 15. Ne2 c4 16. f4 Rd8 17. Nf3 Bb7 18. fxe5 Nxe5 19. Nxe5 Qxe5 20. Nf4 Rac8 21. Qe2 Rd7 22. Rae1 Kh7 23. Qd1 Bf8 24. Qf3 Bd6 25. g3 Kg7 26. Bb1 g5 27. Ne2 Nxe4 (27... Bc7 $15) 28. dxe4 $11 Bxe4 29. Qf2 Bc5 $1 {Strongly threatening ...f6.} 30. c3 d3 $1 {[#]} 31. Nd4 $1 f5 {[%cal Rd7d4]} (31... Bxd4 32. cxd4) 32. Kh2 {[%cal Rf2f5]} Rf8 (32... Bxd4 $11 33. cxd4 Qd5) 33. Be3 (33. Ne6+ $1 $14 Qxe6 34. Qxc5) 33... Kg6 $2 {[%mdl 8192]} (33... Bd6 $11) 34. Nf3 $18 {White is clearly winning.} Bxf3 35. Bxc5 {[%mdl 64] [#] Discovered Attack} ({And not} 35. Qxf3 d2 $11) 35... Be2 36. Bxf8 Rf7 37. Qc5 Qe4 38. Bd6 f4 39. gxf4 Rf5 40. Qf2 Kh5 41. Rxe2 Qxe2 42. Qxe2+ dxe2 43. Re1 Rd5 44. Bb8 Rd1 45. Rxe2 Rxb1 46. fxg5 hxg5 47. Bxa7 {KRB-KR} Rd1 48. Rg2 Rd3 49. Bc5 Kh4 50. Rg4+ Kh5 51. Be7 Rd2+ 52. Rg2 {Accuracy: White = 51%, Black = 48%.} 1-0

[Event "23rd Hoogeveen Open 2019"]
[Site "Hoogeveen"]
[Date "2019.10.21"]
[Round "3.16"]
[White "Okkes, Menno"]
[Black "Elgersma, Simon"]
[Result "1-0"]
[WhiteElo "2326"]
[BlackElo "2111"]
[Annotator "TA"]
[PlyCount "99"]
[EventDate "2019.10.19"]
[EventType "swiss"]
[EventCountry "NED"]
[SourceTitle "playchess.com"]
[Source "ChessBase"]
[SourceQuality "1"]

{[%evp 9,99,27,27,21,25,28,28,28,28,3,28,28,29,36,37,36,33,28,38,41,42,29,32,24,38,19,29,32,48,13,14,20,54,39,51,15,26,11,4,0,15,0,99,91,109,74,87,70,80,-34,12,13,12,11,69,87,65,86,114,154,95,142,114,108,166,137,148,42,87,85,89,64,18,0,93,56,53,45,553,535,920,900,2043,2016,1753,1741,1421,1616,1522,1387,2067,1102]} 1. Nf3 Nf6 2. c4 e6 3. Nc3 d5 4. d4 a6 5. cxd5 exd5 6. Bg5 {D37: Queen's Gambit Declined: 5 Bf4} Be6 7. e3 Nbd7 8. Bd3 {White has an edge.} h6 (8... c6 9. Qb3 Qb6 10. Qxb6 Nxb6 11. Bxf6 gxf6 12. Nh4 a5 13. O-O-O Bb4 {1-0 (40) So,W (2767)-Demchenko,A (2655) Khanty-Mansiysk 2019}) 9. Bh4 g5 10. Bg3 Nh5 11. Qc2 $146 ({Predecessor:} 11. Be5 Ng7 12. Bg3 {0-1 (53) Checa,N (2486)-Quesada Perez,Y (2627) chess.com INT 2018}) 11... Nxg3 12. hxg3 Bg7 13. O-O-O Qe7 14. Kb1 Nb6 15. Na4 Nxa4 16. Qxa4+ c6 17. Qc2 Qd6 18. Rc1 a5 19. Nd2 Rc8 20. f4 b6 21. Nf3 c5 22. Ba6 Rc7 23. Bb5+ Kf8 24. Ne5 c4 25. Rhf1 Bxe5 (25... h5 $11) 26. dxe5 $16 Qc5 27. f5 $1 $36 {[%cal Rf5e6][%mdl 2048] White has strong initiative.} Bc8 28. a4 $1 Qxe3 29. Rce1 (29. Rfe1 $1 $16 {[%cal Re1e3]} Qxg3 30. e6) 29... Qd3 (29... Qxg3 {is interesting.} 30. Ka1 h5 31. Qe2 c3 32. e6 Qd6) 30. Qxd3 cxd3 31. Bxd3 Bd7 (31... Ke7 $11) 32. Rc1 $14 Rc5 33. b3 Ke7 34. f6+ Kd8 {[#]} 35. Rxc5 $1 bxc5 $16 {[%mdl 4096] Endgame KRB-KRB} 36. Rc1 Re8 (36... c4 $16 {might work better.} 37. bxc4 d4) 37. Rxc5 $18 {[%mdl 64] Double Attack} Rxe5 {[#]} 38. Rxa5 (38. Kc2 $1 $16) 38... Be6 39. Kc2 Re3 40. Ra8+ Kc7 41. a5 d4 (41... Rxg3 $11 {keeps the balance.} 42. Bf1 d4) 42. b4 {[%cal Bb3b4,Bb4b5][%mdl 32] Threatens to win with b5.} Bd5 $1 {[%cal Rd5a8]} 43. Ra7+ Kb8 $2 {[%mdl 8192]} (43... Kd6 $14) 44. Rd7 {White is clearly winning.} Bc6 45. Rxf7 Rxg3 46. b5 Rxg2+ 47. Kc1 Rg1+ 48. Kd2 Rg2+ 49. Ke1 Bd5 50. Rd7 {Accuracy: White = 62%, Black = 48%.} 1-0